000
00294nam a2200121Ia 4500
008
190216s9999||||xx |||||||||||||| ||und||
100
_a
Ahammad Moulavi M
245
0
_a
Vishudha Nabi Vachanangal
260
_b
Amina Book Stall
_c
1978
300
_a
320
650
_a
Islamic History
942
_c
BK
999
_c
22284
_d
22284